00534pab a2200181 454500008004000000100002100040245004400061260000900105300001100114362001000125650003600135650002800171773001500199908000600214909001000220999001700230952010500247180718b2012 xxu||||| |||| 00| 0 eng d aDeka, Arup Kumar aUnderstanding conflict in BTAD of Assam c2012 ap.7-9. a1 Sep aAssam - Politics and government aPolitics and government aMainstream aN a97709 c97708d97708 00104070aIIPAbIIPAd2018-07-19hVolume no: 50, Issue no: 37pAR98169r2018-07-19w2018-07-19yAR